| 000 | 00955nam a2200253 u 4500 | ||
|---|---|---|---|
| 005 | 20240308063714.0 | ||
| 008 | 120523s2010 ag r 000 0 spa d | ||
| 020 | _a9789875911994 | ||
| 035 | _aUPN01000184570 | ||
| 049 | _aCG | ||
| 050 | 4 |
_aHV5824 Y6.8 _bA3.4 |
|
| 245 | 0 | 0 |
_aAdicciones : _bnuevos paraisos artificiales : indagaciones en torno de los jóvenes y sus consumos / _cSusana T. de Guiñazú ... [et al.] ; comp. Margarita Barrón. |
| 260 |
_aCórdoba, Arg. : _bUniversidad Nacional de Córdoba : _bBrujas, _c2010. |
||
| 300 | _a309 p. : | ||
| 440 | 0 |
_aAdolescencia, educación y salud ; _v4 |
|
| 650 | 4 |
_aDrogas y jóvenes _91397 |
|
| 650 | 0 |
_aAdolescentes _xConducta de vida _91767 |
|
| 650 | 7 |
_aAbuso de drogas _xTratamiento _2 _95969 |
|
| 650 | 2 |
_aMedios masivos de comunicación _xAspectos sociales _95452 |
|
| 700 | 1 |
_aGuiñazú, Susana T. de, _ecoaut. |
|
| 700 | 1 |
_aBarrón, Margarita, _ecomp. |
|
| 905 | _aLibro | ||
| 999 |
_c156673 _d156673 |
||